000 00690nam a22002417a 4500
001 100913
003 UA-OsUOA
005 20200304114052.0
007 ta
008 20130603b un ||||| |||| 00| 0 ukr d
040 _aUA-OsUOA
_bukr
_cUA-OsUOA
_dUA-OsUOA
041 _aukr
080 _a821.182.2
090 _a821.182.2
_bШ58
100 _aШіллер Ф.
245 _aЛірика
260 _aК.
_bДніпро
_c1967
300 _a194 с.
650 7 _a82 Література. Літературознавство
_2UDC
942 _cBK
_2udc
955 _a3
999 _c386838
_d386838